Peoples's Voice in between Elections: (Record no. 78677)
[ view plain ]
| 000 -LEADER | |
|---|---|
| fixed length control field | 01028nam a2200253 a 4500 |
| 001 - CONTROL NUMBER | |
| control field | 78677 |
| 003 - CONTROL NUMBER IDENTIFIER | |
| rucl marc code | BD-RjUL |
| 005 - DATE AND TIME OF LATEST TRANSACTION | |
| control field | 20211209083148.0 |
| 008 - FIXED-LENGTH DATA ELEMENTS--GENERAL INFORMATION | |
| fixed length control field | 211101s2015 bg ||||| |||| 00| 0 eng d |
| 035 ## - SYSTEM CONTROL NUMBER | |
| System control number | (BD-RjUL)78903 |
| 040 ## - CATALOGING SOURCE | |
| Original cataloging agency | BD-RjUL |
| Language of cataloging | eng |
| Transcribing agency | BD-RjUL |
| Modifying agency | BD-RjUL |
| 041 ## - LANGUAGE CODE | |
| Language code of text/sound track or separate title | eng |
| 082 ## - DEWEY DECIMAL CLASSIFICATION NUMBER | |
| Edition number | 23 |
| Author mark and year | HOP 2015 |
| Classification number | 324.6095492 |
| 100 ## - MAIN ENTRY--PERSONAL NAME | |
| Personal name | Hossain, Abu Rusho Muhammad Toab |
| 9 (RLIN) | 249504 |
| 245 10 - TITLE STATEMENT | |
| Title | Peoples's Voice in between Elections: |
| Remainder of title | Democratic Public Sphere and Accoutability of Elected Representartives in Bangladesh / |
| Statement of responsibility, etc. | Abu Rusho Muhammad Toab Hossain ; |
| Linkage | Supervisor: S. M. Akram Ullah |
| 260 ## - PUBLICATION, DISTRIBUTION, ETC. (IMPRINT) | |
| Place of publication, distribution, etc. | Rajshahi: |
| Name of publisher, distributor, etc. | Institute of Bangladesh, R. U. , |
| Date of publication, distribution, etc. | 2015 |
| 300 ## - PHYSICAL DESCRIPTION | |
| Pagination | xiv, 252 leaves: |
| Illustrations | ill. ; |
| Size | 29 cm. |
| 502 ## - DISSERTATION NOTE | |
| Dissertation note | Thesis (Ph. D.) -- Institute of Bangladesh, R. U. , 2015 |
| 504 ## - BIBLIOGRAPHY, ETC. NOTE | |
| Bibliography, etc | Bibliography: Leaves 211-224 |
| 650 ## - SUBJECT ADDED ENTRY--TOPICAL TERM | |
| Topical term or geographic name as entry element | Elections |
| General subdivision | Public opinion |
| Geographic subdivision | Bangladesh |
| 9 (RLIN) | 249508 |
| 651 ## - SUBJECT ADDED ENTRY--GEOGRAPHIC NAME | |
| Geographic name | Bangladesh. |
| General subdivision | Jātīẏa Saṃsada |
| -- | Elections, |
| 9 (RLIN) | 249509 |
| 700 ## - ADDED ENTRY--PERSONAL NAME | |
| Personal name | Ullah, S. M. Akram, Supervisor |
| 942 ## - ADDED ENTRY ELEMENTS (KOHA) | |
| Source of classification or shelving scheme | Dewey Decimal Classification |
| Koha item type | Theses |
| Lost status | Source of classification or shelving scheme | Damaged status | Not for loan | Collection code | Permanent Location | Current Location | Shelving location | Date acquired | Source of acquisition | Total Checkouts | Full call number | Date last seen | Copy number | Koha item type |
|---|---|---|---|---|---|---|---|---|---|---|---|---|---|---|
| Dewey Decimal Classification | Not For Loan | Theses | Central Library, University of Rajshahi | Central Library, University of Rajshahi | Documentation Section | 27/07/2016 | Controller of Exam., R.U. | THE 324.6095492 HOP 2015 | 01/11/2021 | C-1 | Theses |